الاحتمالات المثيرة للنظرية الكمية / (Record no. 14529)

MARC details
000 -الفاتح
حقل البيانات ثابتة الطول 01392nam a22003257i 4500
003 - محدد رقم الضبط
رقم الضبط EG-ScBUE
005 - وقت وتاريخ اخر تعامل مع التسجيلة
رقم الضبط 20260512111032.0
008 - عناصر البيانات ثابتة الطول - معلومات عامة
حقل البيانات ثابتة الطول 100722s2007 ua frb 000 0 ara d
017 ## - رقم الإيداع القانونى
رقم الإيداع القانونى 2007 / 8622
020 ## - الرقم الدولى المعيارى للكتب
الرقم الدولى المعيارى للكتاب 9774196929
040 ## - مصدر الفهرسة
وكالة الفهرسة الأصلية EG-ScBUE
لغة الفهرسة ara
قواعد الوصف rda
وكالة النسخ EG-ScBUE
وكالة التعديل EG-ScBUE
041 1# - رمز اللغة
رمز لغة النص/ المسارات الصوتية أو العنوان الانفرادي ara
رمز لغة الترجمات و/او الاصلية المتوسطة للنص eng
082 04 - رقم تصنيف ديوى العشرى
رقم التصنيف 539
رقم المادة ب و ن
رقم الطبعة 22
100 1# - المدخل الرئيسى - إسم شخصى
9 (RLIN) 16706
الإسم الشخصى بونوماريف، ليونيد،
الدور مؤلف.
240 14 - العنوان الموحد
عنوان موحد The quantum dice.
لغة العمل Arabic.
245 22 - بيان العنوان
العنوان الاحتمالات المثيرة للنظرية الكمية /
بيان المسئوليه,etc ليونيد بونوماريف ؛ ترجمة إيمان أبو شادي ؛ مراجعة جلال عبد الفتاح.
264 #1 - النشر، التوزيع
مكان الناشر او الموزع القاهرة :
اسم الناشر او الموزع الهيئة المصرية العامة للكتاب،
تاريخ النشر أو التوزيع 2007.
300 ## - الوصف المادى
التعداد 462 صفحة ؛
أبعاد الوعاء 24 سم
336 ## - نوع المحتوى
source rdacontent
Carrier Type Term نص
Content Type Code txt
337 ## - نوع الوسيط
Media Type Term بدون وسيط
source rdamedia
Media Type Code n
338 ## - نوع الحامل أو الناقل
Carrier Type Term مجلد
Carrier Type Code nc
source rdacarrier
504 ## - تبصرة ببليوجرافية
تبصرة ببليوجرافية,الخ يشتمل على إرجاعات ببليوجرافية.
541 ## - تبصرة المصدر المباشر للتزويد
مصدر التزويد ألف باء ؛
طريقة التزويد شراء ؛
546 ## - تبصرة اللغة
تبصرة اللغة النص باللغة الإنجليزية ؛ وقد تم ترجمته إلى العربية.
650 #7 - المدخل الاضافى بالموضوع-مصطلح موضوعى
9 (RLIN) 14325
مصطلح موضوعي أو اسم جغرافي كعنصر مدخل الفيزياء الكمية.
مصدر الرأس أو المصطلح BUEsh
655 ## - مصطلح تكشيفى-نوع/شكل
التقسيم الفرعي الشكلي Reading book
700 1# - المدخل الاضافى - اسم شخصى
9 (RLIN) 16713
الإسم الشخصى أبو شادى، إيمان،
الدور مترجم.
700 1# - المدخل الاضافى - اسم شخصى
9 (RLIN) 16714
الإسم الشخصى عبد الفتاح، جلال،
الدور مراجع.
942 ## - عناصر المدخل الإضافي( كوها)
مصدر التصنيف او مخطط الترفيف Dewey Decimal Classification
Koha [default] item type Book - Borrowing
Holdings
حالة التراجع حالة الفقد مصدر التصنيف او خطة الترفيف حالة تلف ليس للاعارة مجموعات كوها المكان الدائم المكان الحالي موقع الترفيف تاريخ الاكتساب Source of acquisition رقم الاستدعاء الباركود Date last seen نوع الوعاء
    Dewey Decimal Classification     Alef-Baa Central Library Central Library First floor 22/07/2010   539 ب و ن 000021581 15/07/2025 Book - Borrowing